00628cam a22002173a 450000100060000000300080000600500170001400800390003103500190007004000270008904100080011608200210012410000260014524500650017124600340023626000550027030000290032550400200035465000180037470000180039220420BD-RjUL20211209000549.0140301s1937 enk 001 0 eng a(BD-RjUL)20482 aDLCcDLCbengdBD-RjUL aeng00a822.33bSHK 19371 aShakespeare, William,00aKing Richard II /cWilliam Shakespeare;Edited by A. F. Watt. aShakespeare : King Richard II aLondon :bUniversity tutorial press,c1937, [1949] axxxii, 1967 p. ;c19 cm. aIncludes index. 0aEnglish drama1 aWatt, A. F. ,